Statistics for Countries Mark Twain visited

Click here to take the quiz!

General Stats

  • This quiz has been taken 30 times
  • The average score is 25 of 35

Answer Stats

ContinentCountry% Correct
EuropeUnited Kingdom
96%
EuropeAustria
93%
EuropeFrance
93%
Asia/ EuropeRussia
93%
EuropeSpain
93%
North AmericaUnited States of America
93%
North AmericaCanada
89%
AfricaEgypt
89%
EuropeGermany
89%
OceaniaAustralia
85%
EuropeItaly
85%
EuropeBelgium
81%
EuropeGreece
81%
EuropeHungary
81%
OceaniaNew Zealand
81%
AfricaSouth Africa
81%
Asia/ EuropeTurkey
81%
OceaniaFiji
78%
EuropePortugal
78%
EuropeSweden
78%
AsiaIsrael
74%
EuropeCzech Republic
70%
AsiaIndia
70%
EuropeIreland
70%
AfricaMorocco
70%
Europethe Netherlands
70%
EuropeSwitzerland
67%
EuropeUkraine
56%
AsiaLebanon
48%
EuropeLatvia
41%
AfricaMozambique
41%
EuropeLithuania
37%
AsiaSri Lanka
33%
AfricaMauritius
26%
AsiaPalestine
26%

Score Distribution

Percentile by Number Answered

Percent of People with Each Score

Your Score History

You have not taken this quiz